DigiDetox ako dosiahnuť digitálny minimalizmus

Bibliographic Details
Main Author: Krejčí, Matěj (Author)
Other Authors: Sedláček, Tibor (Translator), Stýblová, Žaneta (Illustrator)
Format: Book
Language:Slovak
Czech
PhysicalDescription:217 strán ilusrácie 22 cm
Published: Bratislava Ikar, a.s. 2021
ISBN:9788055176857
Edition:Prvé vydanie
Subjects:

MARC

LEADER 00000cam a2200000 4500
001 vtls012025365
003 SK-MaSNL
005 20260301080459.0
008 210428s2021 xo da grnf 000 0 slo
015 |a SNBA2021/06 
020 |a 9788055176857  |q (brožované) 
040 |a SNK  |b slo  |c SNK  |e rda 
041 1 |a slo  |h cze 
044 |a xo  |c SK 
072 7 |a 316.4/.7  |x Sociálne interakcie  |2 konspekt 
080 |a 004  |2 2011 
080 |a 613.86  |2 2011 
080 |a 316.472.4  |2 2011 
080 |a (035)  |2 2011 
100 1 |a Krejčí, Matěj  |4 aut  |9 402249 
240 1 0 |a DigiDetox: Jak na digitální minimalismus  |l Slovensky 
245 1 0 |a DigiDetox  |b ako dosiahnuť digitálny minimalizmus  |c Matěj Krejčí ; z českého originálu DigiDetox: Jak na digitální minimalismus ... preložil Tibor Sedláček 
250 |a Prvé vydanie 
264 1 |a Bratislava  |b Ikar, a.s.  |c 2021 
300 |a 217 strán  |b ilusrácie  |c 22 cm 
336 |a text  |b txt  |2 rdacontent 
337 |a bez média  |b n  |2 rdamedia 
338 |a zväzok  |b nc  |2 rdacarrier 
504 |a Obsahuje bibliografiu na strane 206-217 
650 0 7 |a informačné technológie  |2 SNKPH  |9 1527 
650 0 7 |a Information technology  |2 SNKPHeng  |9 266458 
650 0 7 |a psychohygiena  |2 SNKPH  |9 2574 
650 0 7 |a Mental hygiene  |2 SNKPHeng  |9 274768 
650 0 7 |a sociálne siete  |2 SNKPH  |9 71323 
650 0 7 |a Social networks  |2 SNKPHeng  |9 306695 
655 7 |a príručky  |2 SNKPH  |9 74364 
655 7 |a Handbooks, manuals, etc.  |2 SNKPHeng  |9 90964 
700 1 |a Sedláček, Tibor  |4 trl  |9 160100 
700 1 |a Stýblová, Žaneta  |4 ill  |9 402250 
919 |a 978-80-551-7685-7 
958 |a OP 
958 |a NB 
968 |b ČES 
999 |c 653290  |d 655220 
952 |a SNK  |b SNK  |y PREZ  |7 0  |p 17A1453860  |o snkSC 192810  |i snk2021/6026  |8 0  |0 0  |1 0  |4 0  |d 2021-05-31  |f 1  |l 0  |r 2025-10-09 00:00:00  |w 2026-02-23 
952 |a SNK  |b SNK  |y VYP  |7 0  |p 17A1453861  |o snkSC 192810 D1  |i snk2021/6027  |8 0  |0 0  |1 0  |4 0  |d 2021-05-31  |l 0  |r 2026-02-23 18:28:12  |w 2026-02-23